| 000 | 02144nam2a2200289 4500 | ||
|---|---|---|---|
| 001 | rc\2922741 | ||
| 005 | 20260406074043.0 | ||
| 035 | _a(NLR Aleph) 007072795 | ||
| 090 |
_a13595858 _c13595858 |
||
| 100 | _a20110815d1939 k y0rusy50 ca | ||
| 101 | 0 | _arus | |
| 102 | _aRU | ||
| 105 | _ac z ||1|| | ||
| 200 | 1 |
_aСказки М.М. Коргуева _hкн. 2 _fЗаписи и комментарий А.Н. Нечаева _gстатья о языке М. Коргуева ["Заметка о принципах публикации текста", с. 635-44] и словар. пояснения Б.А. Ларина |
|
| 210 | _d1939 | ||
| 215 |
_a676 с. с заставками и концовками _cпортр. |
||
| 320 | _aАлфавитный указатель сказок М.М. Коргуева, с. 672-4 | ||
| 461 | 0 |
_1001rc\2922739 _12001#$aСказки Карельского Беломорья$fПод общей ред. проф. М.К. Азадовского, проф. Б.А. Ларина, акад. И.И. Мещанинова и др.$gКарел. науч.-исслед. ин-т культуры$vТ. 1 [Кн. 2] _96397509 _cПетрозаводск _d1939 _fпод общей ред. профессора М.К. Азадовского, профессора Б.А. Ларина, академика И.И. Мещанинова [и др.] _nКаргосиздат _tСказки Карельского Беломорья _vТ. 1 [Кн. 2] |
|
| 464 | 0 |
_12001#$aЗаметка о принципах публикации текста _1700#1$aЛарин$bБ. А.$f1893-1964$gБорис Александрович$4070 _tЗаметка о принципах публикации текста _aЛарин, Борис Александрович (1893-1964) |
|
| 700 | 1 |
_aКоргуев _bМ. М. _gМатвей Михайлович |
|
| 702 | 1 |
_4212 _7ca _8rus _aНечаев _bА. Н. _cфольклорист _f1902-1986 _gАлександр Николаевич _915960 _3RU\NLR\AUTH\7732952 |
|
| 801 | 0 |
_aRU _bNLR _gpsbo |
|
| 801 | 1 |
_aRU _bELAR _2rusmarc |
|
| 852 |
_aNLR _j39-18/41(1-2) |
||
| 942 | _cUNSPEC | ||
| 980 | _aNB | ||